Επιστημολογικά προβλήματα της σύγχρονης πολιτικής επιστήμης
Αποθηκεύτηκε σε:
| Κύριος συγγραφέας: | |
|---|---|
| Μορφή: | Βιβλίο |
| Γλώσσα: | Greek |
| Δημοσίευση: |
Αθήνα :
Παπαζήσης,
1984.
|
| Έκδοση: | 2η έκδ., βελτ. |
| Σειρά: | Πολιτική επιστήμη (Παπαζήσης)
|
| Θέματα: | |
| Ετικέτες: |
Προσθήκη ετικέτας
Δεν υπάρχουν, Καταχωρήστε ετικέτα πρώτοι!
|
MARC
| LEADER | 00000cam a2200000 i 4500 | ||
|---|---|---|---|
| 001 | 1/41409 | ||
| 008 | 960405s1984 gr | ||| |||| ||gre|| | ||
| 035 | |l 10025406 | ||
| 040 | |a GR-MyUa |b gre |e AACR2 | ||
| 041 | 0 | |a gre | |
| 082 | 7 | |a 320.01 |2 (22) | |
| 100 | 1 | |a Κατσούλης, Ηλίας Α. | |
| 245 | 1 | 0 | |a Επιστημολογικά προβλήματα της σύγχρονης πολιτικής επιστήμης / |c Ηλίας Κατσούλης. |
| 250 | |a 2η έκδ., βελτ. | ||
| 260 | |a Αθήνα : |b Παπαζήσης, |c 1984. | ||
| 300 | |a 389 σ. ; |c 21 εκ. | ||
| 490 | 1 | |a (Πολιτική επιστήμη / Παπαζήσης) | |
| 650 | 0 | |a Political science. | |
| 650 | 0 | |a Political science |x Philosophy. | |
| 650 | 0 | |a Political science |x History. | |
| 830 | 0 | |a Πολιτική επιστήμη (Παπαζήσης) | |
| 852 | |a INST |b CHIOS |e 19960405 |h 320.01 ΚΑΤ |p 005200006049 |q 005200006049 |t BK |y 0 | ||
| 852 | |a INST |b LESVOS |e 19961030 |h 320.01 ΚΑΤ |p 005100008952 |q 005100008952 |t BK |y 0 | ||
| 970 | |z 1996-04 | ||